000 00520nam a22001577a 4500
999 _c19246
_d19246
003 AR-CdUCM
008 190517b ||||| |||| 00| 0 sp d
040 _aMUNICIPALIDAD PROVINCIAL DEL CUSCO
_cBIBLIOTECA MUNICIPAL DEL CUSCO
082 _a390.973 /
_bG73
245 _aUn gobierno más eficiente y menos costoso /
260 _aEstados Unidos de América :
_bAl Gore,
_c1994.
300 _a411 páginas ;
_c22 cm.
505 _aReducir el papeleo -- Dar prioridad al cliente --
942 _2ddc
_cLIBROS
945 _awfj